The Bible , The Quran and Science (Record no. 7348)
[ view plain ]
| 000 -LEADER | |
|---|---|
| fixed length control field | 00375 a2200133 4500 |
| 040 ## - CATALOGING SOURCE | |
| Original cataloging agency | DLC |
| Language of cataloging | DLC |
| 082 ## - DEWEY DECIMAL CLASSIFICATION NUMBER | |
| Classification number | 297.1226 |
| 100 ## - MAIN ENTRY--PERSONAL NAME | |
| Personal name | Bucaille, Maurice |
| 245 ## - TITLE STATEMENT | |
| Title | The Bible , The Quran and Science |
| Statement of responsibility, etc. | Maurice Bucaille |
| 260 ## - PUBLICATION, DISTRIBUTION, ETC. | |
| Place of publication, distribution, etc. | Egypt: |
| Name of publisher, distributor, etc. | Dar Al Maarif, |
| Date of publication, distribution, etc. | 1977. |
| 300 ## - PHYSICAL DESCRIPTION | |
| Extent | ix, 252 p. ; |
| Dimensions | 24 cm. |
| 650 ## - SUBJECT ADDED ENTRY--TOPICAL TERM | |
| Topical term or geographic name entry element | Quran--relation to the bible. |
| 942 ## - ADDED ENTRY ELEMENTS (KOHA) | |
| Koha item type | Book |
| Call number prefix | 297.1226 BUC |
| Source of classification or shelving scheme | |
| Withdrawn status | Lost status | Damaged status | Not for loan | Collection code | Permanent Location | Current Location | Shelving location | Date acquired | Source of acquisition | Cost, normal purchase price | Total Checkouts | Total Renewals | Full call number | Barcode | Date last seen | Date last checked out | Price effective from | Koha item type |
|---|---|---|---|---|---|---|---|---|---|---|---|---|---|---|---|---|---|---|
| Central Library (CL) | Central Library (CL) | General Stacks | 06/19/2004 | Saeed Book Bank | 165.75 | 7 | 4 | 297.1226 BUC | SEECS004617 | 10/22/2024 | 09/11/2019 | 01/05/2017 | Book |
